[Event "World Chess Olympiad 2018"]
[Site "Batumi"]
[Date "2018.10.05"]
[Round "11"]
[Board "2"]
[WhiteFideId "12401110"]
[White "Nguyen Ngoc Truong Son"]
[BlackFideId "5201381"]
[Black "Gomez John Paul"]
[Result "1-0"]
[LiveChessVersion "1.4.8"]
[BlackElo "2464"]
[WhiteElo "2620"]

1. d4 {[%clk 1:30:55]} Nf6 {[%clk 1:30:31]} 2. c4 {[%clk 1:31:08]} e6
{[%clk 1:30:14]} 3. Nf3 {[%clk 1:31:23]} b6 {[%clk 1:29:52]} 4. a3
{[%clk 1:31:34]} Bb7 {[%clk 1:26:58]} 5. Nc3 {[%clk 1:31:39]} d5 {[%clk 1:27:18]}
6. cxd5 {[%clk 1:29:14]} Nxd5 {[%clk 1:27:35]} 7. e3 {[%clk 1:28:48]} Be7
{[%clk 1:27:20]} 8. Bb5+ {[%clk 1:28:52]} c6 {[%clk 1:27:41]} 9. Bd3
{[%clk 1:29:03]} O-O {[%clk 1:25:29]} 10. e4 {[%clk 1:28:52]} Nxc3
{[%clk 1:25:41]} 11. bxc3 {[%clk 1:29:14]} c5 {[%clk 1:25:33]} 12. O-O
{[%clk 1:28:09]} cxd4 {[%clk 1:22:20]} 13. cxd4 {[%clk 1:28:31]} Ba6
{[%clk 1:21:21]} 14. Bxa6 {[%clk 1:25:03]} Nxa6 {[%clk 1:21:42]} 15. Qe2
{[%clk 1:20:16]} Qc8 {[%clk 1:21:36]} 16. h4 {[%clk 1:20:18]} Qb7
{[%clk 1:20:26]} 17. Bg5 {[%clk 1:20:42]} Rfe8 {[%clk 1:17:37]} 18. Rfb1
{[%clk 1:08:50]} Bf8 {[%clk 1:12:34]} 19. Rb3 {[%clk 0:48:13]} Rac8
{[%clk 0:57:50]} 20. h5 {[%clk 0:41:45]} h6 {[%clk 0:57:14]} 21. Bf4
{[%clk 0:37:34]} Nb8 {[%clk 0:55:58]} 22. Rd1 {[%clk 0:33:21]} Nc6
{[%clk 0:52:02]} 23. g4 {[%clk 0:26:42]} f6 {[%clk 0:40:09]} 24. Rbd3
{[%clk 0:25:29]} Qa6 {[%clk 0:36:28]} 25. Be3 {[%clk 0:21:39]} Qc4
{[%clk 0:32:19]} 26. Kf1 {[%clk 0:17:39]} Bd6 {[%clk 0:27:43]} 27. Nh4
{[%clk 0:13:19]} b5 {[%clk 0:26:09]} 28. Ng6 {[%clk 0:11:13]} b4 {[%clk 0:18:16]}
29. Rc1 {[%clk 0:08:07]} Qa6 {[%clk 0:14:26]} 30. axb4 {[%clk 0:08:30]} Nxb4
{[%clk 0:11:27]} 31. Rdc3 {[%clk 0:08:50]} Rxc3 {[%clk 0:07:35]} 32. Rxc3
{[%clk 0:09:15]} Qb7 {[%clk 0:05:05]} 33. Bf4 {[%clk 0:08:15]} Bxf4
{[%clk 0:04:08]} 34. Nxf4 {[%clk 0:08:44]} e5 {[%clk 0:03:16]} 35. dxe5
{[%clk 0:08:10]} Rxe5 {[%clk 0:03:18]} 36. Ng6 {[%clk 0:05:06]} Rxe4
{[%clk 0:00:38]} 37. Qf3 {[%clk 0:03:37]} Qa6+ {[%clk 0:00:56]} 38. Kg2
{[%clk 0:03:47]} Re8 {[%clk 0:01:11]} 39. Rc7 {[%clk 0:02:54]} Qa2
{[%clk 0:00:32]} 40. Ne7+ {[%clk 0:32:10]} 1-0

[Event "World Chess Olympiad 2018"]
[Site "Batumi"]
[Date "2018.10.05"]
[Round "11"]
[Board "3"]
[WhiteFideId "5200750"]
[White "Garcia Jan Emmanuel"]
[BlackFideId "12401820"]
[Black "Tran Tuan Minh"]
[Result "1-0"]
[LiveChessVersion "1.4.8"]
[BlackElo "2491"]
[WhiteElo "2439"]

1. c4 {[%clk 1:29:53]} e5 {[%clk 1:30:52]} 2. g3 {[%clk 1:30:13]} c6
{[%clk 1:31:16]} 3. Nf3 {[%clk 1:27:16]} e4 {[%clk 1:31:38]} 4. Nd4
{[%clk 1:27:38]} Nf6 {[%clk 1:32:01]} 5. Bg2 {[%clk 1:26:22]} d5 {[%clk 1:29:37]}
6. cxd5 {[%clk 1:19:01]} Qxd5 {[%clk 1:29:59]} 7. e3 {[%clk 1:18:49]} Bg4
{[%clk 1:28:30]} 8. Qc2 {[%clk 1:19:07]} Na6 {[%clk 1:27:49]} 9. Nc3
{[%clk 1:19:30]} Nb4 {[%clk 1:22:30]} 10. Qb1 {[%clk 1:19:58]} Nd3+
{[%clk 1:13:19]} 11. Qxd3 {[%clk 1:20:25]} exd3 {[%clk 1:13:36]} 12. Nxd5
{[%clk 1:20:52]} Nxd5 {[%clk 1:13:48]} 13. Bxd5 {[%clk 1:21:18]} cxd5
{[%clk 1:14:08]} 14. f3 {[%clk 1:21:43]} Bd7 {[%clk 1:10:33]} 15. b3
{[%clk 1:22:11]} Rc8 {[%clk 1:00:25]} 16. Bb2 {[%clk 1:17:43]} h5
{[%clk 0:50:30]} 17. Kf2 {[%clk 1:08:40]} Bb4 {[%clk 0:50:39]} 18. Rhc1
{[%clk 0:49:08]} Ke7 {[%clk 0:49:54]} 19. Rxc8 {[%clk 0:47:03]} Rxc8
{[%clk 0:47:27]} 20. a3 {[%clk 0:39:07]} Bc5 {[%clk 0:39:58]} 21. a4
{[%clk 0:35:47]} g5 {[%clk 0:35:41]} 22. Bc3 {[%clk 0:30:04]} f6 {[%clk 0:31:16]}
23. Rc1 {[%clk 0:24:46]} Ba3 {[%clk 0:30:53]} 24. Ra1 {[%clk 0:24:54]} Bd6
{[%clk 0:30:30]} 25. Nb5 {[%clk 0:17:22]} Be5 {[%clk 0:29:41]} 26. Nd4
{[%clk 0:15:45]} Kf7 {[%clk 0:27:53]} 27. Rc1 {[%clk 0:13:42]} h4
{[%clk 0:26:21]} 28. Rg1 {[%clk 0:11:34]} b6 {[%clk 0:17:11]} 29. gxh4
{[%clk 0:10:18]} gxh4 {[%clk 0:17:40]} 30. f4 {[%clk 0:10:34]} Bxd4
{[%clk 0:18:03]} 31. Bxd4 {[%clk 0:10:24]} Rc2 {[%clk 0:18:26]} 32. Bc3
{[%clk 0:10:09]} a5 {[%clk 0:16:09]} 33. Kf3 {[%clk 0:06:50]} Bf5
{[%clk 0:15:48]} 34. Rb1 {[%clk 0:05:04]} Kg6 {[%clk 0:10:36]} 35. Rg1+
{[%clk 0:04:28]} Kh7 {[%clk 0:04:25]} 36. e4 {[%clk 0:04:17]} dxe4+
{[%clk 0:03:34]} 37. Ke3 {[%clk 0:04:45]} h3 {[%clk 0:02:14]} 38. Bxf6
{[%clk 0:03:27]} Rc6 {[%clk 0:00:41]} 39. Bd4 {[%clk 0:03:51]} Kh6
{[%clk 0:00:42]} 40. Rg5 {[%clk 0:33:21]} Bg6 {[%clk 0:30:58]} 41. Rb5
{[%clk 0:23:51]} Rc1 {[%clk 0:30:14]} 42. Kf2 {[%clk 0:22:53]} Rh1
{[%clk 0:24:44]} 43. Kg3 {[%clk 0:23:07]} Rf1 {[%clk 0:25:10]} 44. Bf2
{[%clk 0:19:08]} Kg7 {[%clk 0:19:15]} 45. Rxb6 {[%clk 0:17:42]} Bf5
{[%clk 0:19:23]} 46. Rb5 {[%clk 0:17:05]} Kg6 {[%clk 0:19:25]} 47. Rxa5
{[%clk 0:16:40]} Rd1 {[%clk 0:19:50]} 48. Ra6+ {[%clk 0:14:31]} Kf7
{[%clk 0:19:20]} 49. Be3 {[%clk 0:13:39]} Re1 {[%clk 0:19:37]} 50. Bd4
{[%clk 0:12:26]} Ke7 {[%clk 0:19:16]} 51. Ra5 {[%clk 0:11:18]} Be6
{[%clk 0:18:23]} 52. Re5 {[%clk 0:11:05]} Kf7 {[%clk 0:18:53]} 53. f5
{[%clk 0:10:46]} Bxb3 {[%clk 0:19:01]} 54. a5 {[%clk 0:10:57]} Rd1
{[%clk 0:08:48]} 55. Bc3 {[%clk 0:10:07]} Rc1 {[%clk 0:08:47]} 56. Rxe4
{[%clk 0:05:33]} Rxc3 {[%clk 0:09:06]} 57. dxc3 {[%clk 0:06:02]} d2
{[%clk 0:09:23]} 58. Rd4 {[%clk 0:06:30]} d1=R {[%clk 0:09:40]} 59. Rxd1
{[%clk 0:06:57]} Bxd1 {[%clk 0:10:03]} 60. a6 {[%clk 0:07:06]} Bc2
{[%clk 0:10:15]} 61. a7 {[%clk 0:07:25]} Be4 {[%clk 0:10:41]} 62. Kxh3
{[%clk 0:07:35]} Bxf5+ {[%clk 0:10:48]} 63. Kg3 {[%clk 0:08:03]} Be4
{[%clk 0:11:11]} 64. Kf4 {[%clk 0:08:20]} Ba8 {[%clk 0:10:54]} 65. Ke5
{[%clk 0:08:37]} Ke7 {[%clk 0:10:24]} 66. h4 1-0

[Event "World Chess Olympiad 2018"]
[Site "Batumi"]
[Date "2018.10.05"]
[Round "11"]
[Board "4"]
[WhiteFideId "12404675"]
[White "Nguyen Anh Khoi"]
[BlackFideId "5203953"]
[Black "Pascua Haridas"]
[Result "1-0"]
[LiveChessVersion "1.4.8"]
[BlackElo "2435"]
[WhiteElo "2463"]

1. d4 {[%clk 1:30:57]} Nf6 {[%clk 1:30:44]} 2. c4 {[%clk 1:31:18]} c5
{[%clk 1:30:23]} 3. d5 {[%clk 1:31:35]} e6 {[%clk 1:30:36]} 4. Nc3
{[%clk 1:31:52]} exd5 {[%clk 1:30:59]} 5. cxd5 {[%clk 1:32:14]} d6
{[%clk 1:31:18]} 6. Nf3 {[%clk 1:32:32]} g6 {[%clk 1:31:25]} 7. Bf4
{[%clk 1:32:00]} Bg7 {[%clk 1:31:13]} 8. Qa4+ {[%clk 1:31:11]} Bd7
{[%clk 1:31:12]} 9. Qb3 {[%clk 1:31:33]} Qc7 {[%clk 1:31:05]} 10. e4
{[%clk 1:31:46]} O-O {[%clk 1:31:20]} 11. Nd2 {[%clk 1:31:52]} Nh5
{[%clk 1:30:22]} 12. Be3 {[%clk 1:31:49]} f5 {[%clk 1:30:43]} 13. exf5
{[%clk 1:32:07]} Bxf5 {[%clk 1:31:08]} 14. Be2 {[%clk 1:32:03]} Nf6
{[%clk 1:30:24]} 15. h3 {[%clk 1:30:36]} Na6 {[%clk 1:29:08]} 16. a3
{[%clk 1:25:29]} Rf7 {[%clk 1:26:56]} 17. O-O {[%clk 1:19:59]} Ne8
{[%clk 1:22:47]} 18. Nf3 {[%clk 1:06:53]} Re7 {[%clk 1:13:01]} 19. Ng5
{[%clk 1:01:03]} Qb6 {[%clk 1:09:27]} 20. Qa2 {[%clk 0:53:32]} Nac7
{[%clk 1:00:25]} 21. Bc4 {[%clk 0:45:06]} Qa5 {[%clk 0:53:32]} 22. a4
{[%clk 0:36:07]} Na6 {[%clk 0:50:09]} 23. Ne6 {[%clk 0:28:18]} Nb4
{[%clk 0:49:47]} 24. Qb3 {[%clk 0:28:40]} Nc2 {[%clk 0:38:16]} 25. g4
{[%clk 0:24:26]} Nxa1 {[%clk 0:35:51]} 26. Rxa1 {[%clk 0:24:10]} Bxe6
{[%clk 0:36:11]} 27. dxe6 {[%clk 0:24:34]} Kh8 {[%clk 0:36:14]} 28. Nd5
{[%clk 0:16:48]} Rxe6 {[%clk 0:35:00]} 29. Qxb7 {[%clk 0:16:58]} Rd8
{[%clk 0:22:33]} 30. Qf7 {[%clk 0:13:24]} Re4 {[%clk 0:19:32]} 31. Bg5
{[%clk 0:11:13]} Re1+ {[%clk 0:12:54]} 32. Kg2 {[%clk 0:09:16]} Rxa1
{[%clk 0:09:09]} 33. Ne7 {[%clk 0:08:45]} Rg1+ {[%clk 0:03:56]} 34. Kf3
{[%clk 0:07:38]} 1-0

[Event "World Chess Olympiad 2018"]
[Site "Batumi"]
[Date "2018.10.05"]
[Round "11"]
[Board "1"]
[WhiteFideId "14508150"]
[White "Saric Ivan"]
[BlackFideId "1710400"]
[Black "Grandelius Nils"]
[Result "0-1"]
[LiveChessVersion "1.4.8"]
[BlackElo "2655"]
[WhiteElo "2689"]

1. e4 c5 2. Nf3 d6 3. d4 cxd4 4. Nxd4 Nf6 5. Nc3 a6 6. h3 e6 7. g4 Be7 8. g5
{[%clk 1:28:40]} Nfd7 {[%clk 1:30:06]} 9. Be3 {[%clk 1:27:25]} b5
{[%clk 1:26:16]} 10. a3 {[%clk 1:27:49]} Bb7 {[%clk 1:26:38]} 11. h4
{[%clk 1:27:42]} Nc6 {[%clk 1:25:38]} 12. Qd2 {[%clk 1:27:27]} Rc8
{[%clk 1:21:26]} 13. Nxc6 {[%clk 1:23:40]} Bxc6 {[%clk 1:20:08]} 14. O-O-O
{[%clk 1:21:25]} Rb8 {[%clk 1:17:42]} 15. h5 {[%clk 1:10:02]} a5 {[%clk 1:13:09]}
16. h6 {[%clk 1:06:08]} g6 {[%clk 1:09:19]} 17. b4 {[%clk 0:58:20]} Qc8
{[%clk 1:03:08]} 18. Nd5 {[%clk 0:55:13]} exd5 {[%clk 0:50:10]} 19. exd5
{[%clk 0:55:33]} Ba8 {[%clk 0:48:07]} 20. Qd4 {[%clk 0:55:10]} f6
{[%clk 0:46:13]} 21. Bh3 {[%clk 0:54:44]} Qc4 {[%clk 0:35:15]} 22. Qa7
{[%clk 0:39:33]} f5 {[%clk 0:34:22]} 23. Rhe1 {[%clk 0:39:38]} Bxd5
{[%clk 0:28:07]} 24. Qd4 {[%clk 0:25:10]} Qxd4 {[%clk 0:24:08]} 25. Bxd4
{[%clk 0:25:18]} Rf8 {[%clk 0:23:49]} 26. Bg7 {[%clk 0:24:23]} Be4
{[%clk 0:21:49]} 27. f3 {[%clk 0:24:10]} Bxf3 {[%clk 0:21:16]} 28. Rxd6
{[%clk 0:24:25]} axb4 {[%clk 0:18:02]} 29. axb4 {[%clk 0:18:00]} Rf7
{[%clk 0:16:02]} 30. Rxg6 {[%clk 0:08:15]} Kd8 {[%clk 0:10:38]} 31. Rge6
{[%clk 0:04:40]} Bxg5+ {[%clk 0:10:53]} 32. Kb1 {[%clk 0:05:06]} Be4
{[%clk 0:09:37]} 33. Rf1 {[%clk 0:05:14]} Re7 {[%clk 0:07:20]} 34. Ra6
{[%clk 0:04:08]} Rc8 {[%clk 0:05:56]} 35. Bxf5 {[%clk 0:04:33]} Rf7
{[%clk 0:05:23]} 36. Bxe4 {[%clk 0:02:27]} Rxf1+ {[%clk 0:05:47]} 37. Ka2
{[%clk 0:02:53]} Bf6 {[%clk 0:04:56]} 38. Re6 {[%clk 0:01:30]} Rc7
{[%clk 0:02:55]} 39. c3 {[%clk 0:01:12]} Rf2+ {[%clk 0:02:24]} 40. Kb1
{[%clk 0:31:41]} Rxc3 {[%clk 0:32:39]} 41. Bxh7 {[%clk 0:31:54]} Rg3
{[%clk 0:27:46]} 0-1

[Event "World Chess Olympiad 2018"]
[Site "Batumi"]
[Date "2018.10.05"]
[Round "11"]
[Board "2"]
[WhiteFideId "1706446"]
[White "Tikkanen Hans"]
[BlackFideId "14507927"]
[Black "Bosiocic Marin"]
[Result "1/2-1/2"]
[LiveChessVersion "1.4.8"]
[BlackElo "2600"]
[WhiteElo "2520"]

1. d4 {[%clk 1:30:57]} Nf6 {[%clk 1:30:52]} 2. Nf3 {[%clk 1:31:23]} d5
{[%clk 1:31:15]} 3. Bf4 {[%clk 1:31:15]} e6 {[%clk 1:31:38]} 4. e3
{[%clk 1:30:53]} Bd6 {[%clk 1:32:00]} 5. c3 {[%clk 1:21:06]} O-O {[%clk 1:29:34]}
6. Bd3 {[%clk 1:21:05]} b6 {[%clk 1:29:18]} 7. O-O {[%clk 1:16:21]} Ba6
{[%clk 1:29:38]} 8. Bxa6 {[%clk 1:11:03]} Nxa6 {[%clk 1:30:00]} 9. Qd3
{[%clk 0:52:46]} Nb8 {[%clk 1:27:59]} 10. Bxd6 {[%clk 0:49:46]} cxd6
{[%clk 1:17:17]} 11. Nbd2 {[%clk 0:49:55]} Nbd7 {[%clk 1:16:21]} 12. c4
{[%clk 0:44:05]} dxc4 {[%clk 1:14:53]} 13. Nxc4 {[%clk 0:44:33]} Qc7
{[%clk 1:14:55]} 14. Rfc1 {[%clk 0:35:43]} Rac8 {[%clk 1:14:58]} 15. Rc2
{[%clk 0:28:28]} d5 {[%clk 1:13:23]} 16. Na3 {[%clk 0:28:47]} Qb7
{[%clk 1:13:31]} 17. Rac1 {[%clk 0:27:26]} a6 {[%clk 1:12:28]} 18. Nd2
{[%clk 0:24:12]} Rfd8 {[%clk 0:59:13]} 19. Nab1 {[%clk 0:20:48]} Ne8
{[%clk 0:57:21]} 20. a4 {[%clk 0:15:55]} Rxc2 {[%clk 0:54:46]} 21. Rxc2
{[%clk 0:16:20]} Rc8 {[%clk 0:53:38]} 22. Rxc8 {[%clk 0:16:18]} Qxc8
{[%clk 0:53:59]} 23. Qc3 {[%clk 0:16:46]} Qxc3 {[%clk 0:52:27]} 24. Nxc3
{[%clk 0:17:13]} a5 {[%clk 0:50:57]} 25. b4 {[%clk 0:05:06]} axb4
{[%clk 0:51:09]} 26. Na2 {[%clk 0:05:35]} Kf8 {[%clk 0:50:59]} 27. Nxb4
{[%clk 0:05:21]} Ke7 {[%clk 0:51:15]} 28. Kf1 {[%clk 0:04:25]} Kd6
{[%clk 0:49:09]} 29. Ke2 {[%clk 0:04:29]} f6 {[%clk 0:47:47]} 30. Nb3
{[%clk 0:02:02]} Nc7 {[%clk 0:47:25]} 31. a5 {[%clk 0:01:48]} bxa5
{[%clk 0:47:16]} 1/2-1/2

[Event "World Chess Olympiad 2018"]
[Site "Batumi"]
[Date "2018.10.05"]
[Round "11"]
[Board "3"]
[WhiteFideId "14506688"]
[White "Brkic Ante"]
[BlackFideId "1709437"]
[Black "Blomqvist Erik"]
[Result "0-1"]
[LiveChessVersion "1.4.8"]
[BlackElo "2499"]
[WhiteElo "2565"]

1. e4 {[%clk 1:30:57]} c5 {[%clk 1:30:36]} 2. Nf3 {[%clk 1:31:22]} e6
{[%clk 1:31:01]} 3. d4 {[%clk 1:31:46]} cxd4 {[%clk 1:31:27]} 4. Nxd4
{[%clk 1:32:12]} Nc6 {[%clk 1:31:47]} 5. Nc3 {[%clk 1:32:37]} a6 {[%clk 1:32:11]}
6. Be2 {[%clk 1:32:07]} d6 {[%clk 1:32:17]} 7. Be3 {[%clk 1:29:35]} Nf6
{[%clk 1:32:36]} 8. Qd2 {[%clk 1:20:45]} Bd7 {[%clk 1:31:44]} 9. f4
{[%clk 1:17:11]} b5 {[%clk 1:28:59]} 10. a3 {[%clk 1:12:11]} Rc8 {[%clk 1:27:50]}
11. O-O {[%clk 1:04:15]} Be7 {[%clk 1:27:06]} 12. Rad1 {[%clk 1:00:23]} O-O
{[%clk 1:11:16]} 13. Qe1 {[%clk 0:58:38]} e5 {[%clk 1:00:09]} 14. Nxc6
{[%clk 0:49:38]} Rxc6 {[%clk 0:54:27]} 15. fxe5 {[%clk 0:42:32]} dxe5
{[%clk 0:50:35]} 16. Qg3 {[%clk 0:43:00]} Qc7 {[%clk 0:39:01]} 17. Bh6
{[%clk 0:38:16]} Nh5 {[%clk 0:35:10]} 18. Bxh5 {[%clk 0:38:40]} Rxh6
{[%clk 0:35:18]} 19. Nd5 {[%clk 0:36:02]} Qa7+ {[%clk 0:22:37]} 20. Kh1
{[%clk 0:35:43]} Be6 {[%clk 0:19:12]} 21. Qxe5 {[%clk 0:33:30]} Bxd5
{[%clk 0:18:03]} 22. Rxd5 {[%clk 0:32:58]} Rf6 {[%clk 0:13:14]} 23. Rfd1
{[%clk 0:25:32]} Qf2 {[%clk 0:12:43]} 24. h3 {[%clk 0:22:15]} Re6
{[%clk 0:11:17]} 25. Qf5 {[%clk 0:22:42]} Qb6 {[%clk 0:11:33]} 26. Bg4
{[%clk 0:20:38]} Qe3 {[%clk 0:11:07]} 27. Bf3 {[%clk 0:12:40]} g6
{[%clk 0:11:00]} 28. Qg4 {[%clk 0:13:07]} Bf6 {[%clk 0:11:07]} 29. c3
{[%clk 0:12:08]} Kg7 {[%clk 0:10:03]} 30. Qg3 {[%clk 0:10:32]} Rfe8
{[%clk 0:09:15]} 31. Re1 {[%clk 0:03:42]} Qh6 {[%clk 0:08:51]} 32. Rh5
{[%clk 0:03:48]} Qd2 {[%clk 0:09:00]} 33. e5 {[%clk 0:03:54]} Bd8
{[%clk 0:07:12]} 34. Bg4 {[%clk 0:01:22]} R6e7 {[%clk 0:05:03]} 35. Rd1
{[%clk 0:01:50]} Qc2 {[%clk 0:03:53]} 36. Rf5 {[%clk 0:00:53]} Bc7
{[%clk 0:02:40]} 37. Re1 {[%clk 0:00:32]} Qxb2 {[%clk 0:02:21]} 38. Qh4
{[%clk 0:00:33]} Qxc3 {[%clk 0:01:20]} 39. e6 {[%clk 0:00:33]} Bg3
{[%clk 0:01:14]} 0-1

[Event "World Chess Olympiad 2018"]
[Site "Batumi"]
[Date "2018.10.05"]
[Round "11"]
[Board "4"]
[WhiteFideId "1701754"]
[White "Westerberg Jonathan"]
[BlackFideId "14509792"]
[Black "Martinovic Sasa"]
[Result "1/2-1/2"]
[LiveChessVersion "1.4.8"]
[BlackElo "2567"]
[WhiteElo "2504"]

1. d4 {[%clk 1:30:37]} Nf6 {[%clk 1:30:57]} 2. Nf3 {[%clk 1:30:24]} g6
{[%clk 1:31:21]} 3. Nbd2 {[%clk 1:29:35]} d5 {[%clk 1:31:23]} 4. e3
{[%clk 1:29:38]} Bg7 {[%clk 1:31:41]} 5. b4 {[%clk 1:29:17]} O-O {[%clk 1:31:29]}
6. Bb2 {[%clk 1:28:11]} c6 {[%clk 1:26:46]} 7. c4 {[%clk 1:26:39]} a5
{[%clk 1:26:30]} 8. b5 {[%clk 1:25:02]} a4 {[%clk 1:26:34]} 9. Ba3
{[%clk 1:23:43]} Bf5 {[%clk 1:21:00]} 10. bxc6 {[%clk 1:07:50]} Nxc6
{[%clk 1:20:48]} 11. Be2 {[%clk 1:06:53]} dxc4 {[%clk 1:16:55]} 12. Bxc4
{[%clk 1:05:49]} Qa5 {[%clk 1:16:17]} 13. Rc1 {[%clk 0:58:19]} Rac8
{[%clk 0:52:51]} 14. O-O {[%clk 0:46:46]} b5 {[%clk 0:52:23]} 15. Be2
{[%clk 0:44:43]} Nd5 {[%clk 0:31:50]} 16. Rc5 {[%clk 0:39:06]} Nc3
{[%clk 0:30:58]} 17. Qe1 {[%clk 0:39:33]} Na7 {[%clk 0:22:22]} 18. Nc4
{[%clk 0:38:22]} Nxe2+ {[%clk 0:18:30]} 19. Qxe2 {[%clk 0:38:51]} Qa6
{[%clk 0:15:22]} 20. Nce5 {[%clk 0:31:06]} Qb7 {[%clk 0:15:36]} 21. Nd3
{[%clk 0:28:22]} b4 {[%clk 0:13:36]} 22. Nxb4 {[%clk 0:26:34]} Rxc5
{[%clk 0:14:03]} 23. dxc5 {[%clk 0:26:57]} Qb5 {[%clk 0:14:23]} 24. Qd2
{[%clk 0:26:18]} Qxc5 {[%clk 0:13:27]} 25. Rc1 {[%clk 0:26:40]} Qd6
{[%clk 0:11:11]} 26. Qxd6 {[%clk 0:22:52]} exd6 {[%clk 0:11:40]} 27. Nc6
{[%clk 0:18:23]} Nxc6 {[%clk 0:09:49]} 28. Rxc6 {[%clk 0:18:52]} Rb8
{[%clk 0:07:20]} 29. h3 {[%clk 0:13:26]} Rb1+ {[%clk 0:06:39]} 30. Kh2
{[%clk 0:07:57]} Ra1 {[%clk 0:07:03]} 31. Ra6 {[%clk 0:04:41]} h6
{[%clk 0:05:41]} 32. Rxa4 {[%clk 0:04:35]} Rxa2 {[%clk 0:06:04]} 33. Ra7
{[%clk 0:03:55]} Be4 {[%clk 0:02:57]} 34. Kg3 {[%clk 0:02:17]} Ra1
{[%clk 0:01:40]} 35. Nd2 {[%clk 0:01:08]} Bd3 {[%clk 0:00:40]} 36. Nb3
{[%clk 0:01:24]} Rb1 {[%clk 0:00:35]} 37. Nd4 {[%clk 0:01:23]} Ra1
{[%clk 0:00:38]} 38. Bc5 {[%clk 0:01:24]} dxc5 {[%clk 0:00:34]} 39. Rxa1
{[%clk 0:01:47]} cxd4 {[%clk 0:01:00]} 40. exd4 {[%clk 0:31:36]} Kf8
{[%clk 0:30:36]} 41. Kf3 {[%clk 0:30:57]} Ke7 {[%clk 0:25:55]} 42. Ra7+
{[%clk 0:30:22]} Kf6 {[%clk 0:23:41]} 43. Rb7 {[%clk 0:26:11]} Bc4
{[%clk 0:20:59]} 44. Ke4 {[%clk 0:24:03]} Ke6 {[%clk 0:20:01]} 45. Rb6+
{[%clk 0:23:53]} Ke7 {[%clk 0:20:08]} 46. g4 {[%clk 0:22:59]} Be6
{[%clk 0:19:39]} 47. f3 {[%clk 0:23:02]} f5+ {[%clk 0:19:00]} 48. Ke3
{[%clk 0:20:02]} Bf6 {[%clk 0:18:05]} 49. Rb7+ {[%clk 0:19:44]} Kd6
{[%clk 0:18:30]} 50. Rb6+ {[%clk 0:19:35]} Kd5 {[%clk 0:18:11]} 51. Rb5+
{[%clk 0:19:45]} Kc6 {[%clk 0:18:16]} 52. Rc5+ {[%clk 0:20:09]} Kd6
{[%clk 0:18:42]} 53. gxf5 {[%clk 0:19:28]} Bxf5 {[%clk 0:18:09]} 54. Rxf5
{[%clk 0:18:21]} gxf5 {[%clk 0:18:34]} 55. Kf4 {[%clk 0:18:49]} Ke6
{[%clk 0:11:22]} 56. d5+ {[%clk 0:19:10]} Kxd5 {[%clk 0:11:49]} 57. Kxf5
{[%clk 0:19:34]} Bc3 {[%clk 0:11:57]} 58. f4 {[%clk 0:15:42]} Bd2
{[%clk 0:12:24]} 59. Kg4 {[%clk 0:14:48]} Ke4 {[%clk 0:12:50]} 60. Kg3
{[%clk 0:15:13]} Bxf4+ {[%clk 0:11:47]} 1/2-1/2

[Event "World Chess Olympiad 2018"]
[Site "Batumi"]
[Date "2018.10.05"]
[Round "11"]
[Board "1"]
[WhiteFideId "1610856"]
[White "Ragger Markus"]
[BlackFideId "1506102"]
[Black "Urkedal Frode Olav Olsen"]
[Result "1-0"]
[LiveChessVersion "1.4.8"]
[BlackElo "2535"]
[WhiteElo "2686"]

1. e4 {[%clk 1:30:59]} e5 {[%clk 1:30:56]} 2. Nf3 {[%clk 1:31:26]} Nc6
{[%clk 1:31:22]} 3. Bc4 {[%clk 1:31:52]} Bc5 {[%clk 1:31:48]} 4. c3
{[%clk 1:32:13]} Nf6 {[%clk 1:32:14]} 5. d3 {[%clk 1:32:40]} a6 {[%clk 1:32:26]}
6. O-O {[%clk 1:32:55]} d6 {[%clk 1:32:10]} 7. a4 {[%clk 1:33:18]} h6
{[%clk 1:32:34]} 8. Re1 {[%clk 1:33:37]} O-O {[%clk 1:32:12]} 9. h3
{[%clk 1:33:40]} Ba7 {[%clk 1:32:35]} 10. Nbd2 {[%clk 1:33:47]} Re8
{[%clk 1:32:38]} 11. b4 {[%clk 1:33:46]} Be6 {[%clk 1:32:15]} 12. Bxe6
{[%clk 1:33:09]} Rxe6 {[%clk 1:32:38]} 13. Qc2 {[%clk 1:33:21]} d5
{[%clk 1:28:10]} 14. Nb3 {[%clk 1:30:20]} dxe4 {[%clk 1:15:37]} 15. dxe4
{[%clk 1:29:39]} Nh5 {[%clk 1:14:57]} 16. Be3 {[%clk 1:16:47]} Rg6
{[%clk 1:10:08]} 17. Bxa7 {[%clk 0:54:16]} Rxa7 {[%clk 1:05:38]} 18. g3
{[%clk 0:49:03]} Qf6 {[%clk 0:58:03]} 19. Re3 {[%clk 0:38:39]} Qe7
{[%clk 0:46:53]} 20. Kh2 {[%clk 0:37:29]} Rd6 {[%clk 0:43:34]} 21. Nfd2
{[%clk 0:33:46]} Nd8 {[%clk 0:41:17]} 22. Nc4 {[%clk 0:29:03]} Rc6
{[%clk 0:36:18]} 23. Rd1 {[%clk 0:19:06]} Ra8 {[%clk 0:34:03]} 24. Nba5
{[%clk 0:18:23]} Re6 {[%clk 0:33:01]} 25. Red3 {[%clk 0:18:00]} b6
{[%clk 0:32:08]} 26. Rd7 {[%clk 0:10:51]} Qe8 {[%clk 0:29:36]} 27. Qd2
{[%clk 0:08:36]} bxa5 {[%clk 0:28:42]} 28. Rxd8 {[%clk 0:09:04]} Rxd8
{[%clk 0:29:04]} 29. Qxd8 {[%clk 0:09:32]} axb4 {[%clk 0:29:12]} 30. Qxc7
{[%clk 0:07:05]} Qc6 {[%clk 0:08:36]} 31. Rd8+ {[%clk 0:07:15]} Kh7
{[%clk 0:09:01]} 32. Qxf7 {[%clk 0:07:30]} Qxc4 {[%clk 0:08:48]} 33. Rd6
{[%clk 0:04:12]} Qxe4 {[%clk 0:07:06]} 34. Qxe6 {[%clk 0:02:44]} bxc3
{[%clk 0:04:55]} 35. Qg4 {[%clk 0:02:04]} Qc2 {[%clk 0:04:59]} 36. Qf3
{[%clk 0:02:11]} Nf6 {[%clk 0:04:49]} 37. Rc6 {[%clk 0:02:19]} e4
{[%clk 0:02:20]} 38. Qf5+ {[%clk 0:02:48]} Kg8 {[%clk 0:02:44]} 39. Kg2
{[%clk 0:02:40]} Qd3 {[%clk 0:02:01]} 40. Rc8+ {[%clk 0:32:19]} Kf7
{[%clk 0:32:27]} 41. Rc7+ {[%clk 0:32:44]} Kg8 {[%clk 0:32:18]} 42. Qg6
{[%clk 0:28:05]} Qf3+ {[%clk 0:31:23]} 43. Kg1 {[%clk 0:27:53]} Qd1+
{[%clk 0:31:42]} 44. Kh2 {[%clk 0:28:14]} 1-0